LEADER 01023cam0-22003131i-450- 001 990004749430403321 005 20160921123245.0 035 $a000474943 035 $aFED01000474943 035 $a(Aleph)000474943FED01 035 $a000474943 100 $a19990604d1862----km-y0itay50------ba 101 0 $aita 102 $aIT 105 $ac-------001yy 200 1 $a<>vite de' pił eccellenti pittori, scultori e architetti$esecondo le migliori stampe$fdi Giorgio Vasari 210 $aTrieste$cSezione letterario-artistico del Lloyd Austriaco$d1862 215 $a1275 p.$c1 ritr.$d28 cm 610 0 $aArtisti$aSec. 13.-16.$aBiografie 676 $a709.22$v22$zita 700 1$aVasari,$bGiorgio$f<1511-1574>$037469 801 0$aIT$bUNINA$gRICA$2UNIMARC 901 $aBK 912 $a990004749430403321 952 $aSG 700/C 22$bR. Bibl. 2968$fFLFBC 952 $aSG 700/C 22 BIS$b2968$fFLFBC 959 $aFLFBC 996 $aVite de' pił eccellenti pittori, scultori e architetti$9154300 997 $aUNINA LEADER 03085nam 2200649Ia 450 001 9910781059503321 005 20230721005748.0 010 $a6612454520 010 $a1-282-45452-8 010 $a9786612454523 010 $a1-60750-430-8 035 $a(CKB)2550000000005776 035 $a(EBL)476823 035 $a(OCoLC)608678344 035 $a(SSID)ssj0000357440 035 $a(PQKBManifestationID)12107619 035 $a(PQKBTitleCode)TC0000357440 035 $a(PQKBWorkID)10358664 035 $a(PQKB)11658254 035 $a(MiAaPQ)EBC476823 035 $a(Au-PeEL)EBL476823 035 $a(CaPaEBR)ebr10363631 035 $a(CaONFJC)MIL245452 035 $a(EXLCZ)992550000000005776 100 $a20090925d2009 uy 0 101 0 $aeng 135 $aur|n|---||||| 181 $ctxt 182 $cc 183 $acr 200 10$aBuilding terrorism resistant communities$b[electronic resource] $etogether against terrorism /$fedited by S ?dd ?k Ekici ... [et al.] 210 $aAmsterdam ;$aWashington DC $cIOS Press$d2009 215 $a1 online resource (368 p.) 225 0 $aNATO science for peace and security series. E, Human and societal dynamics,$x1874-6276 ;$vv. 55 300 $a"Proceedings of the NATO Advanced Research Workshop on Together against Terrorism: Building Terrorism Resistant Communities, Washington D.C., USA, 26-27 September 2008."--T.p. verso. 300 $a"Published in cooperation with NATO Public Diplomacy Division"--T.p. 311 $a1-60750-006-X 320 $aIncludes bibliographical references and indexes. 327 $aTitle page; Preface; About the Editors; Principal Contributors; Contents; Introductory Chapter. Perspectives on Community Involvement in Counter Terrorism; Terrorism and Its Causes; Organizational and Structural Approaches to Terrorism; The Society and Counter Terrorism; Concluding Chapter. Suggestion: Counter the Threat Together!; Subject Index; Author Index 330 $aIntends to explore methods to involve the community in the fight against terrorism in an effort to enhance its protection from terrorist attacks and to establish a network between the participants for future collaborations. This guide can help policy makers gain an understanding of how counter terrorism requires community support and involvement. 410 0$aNATO Science for Peace and Security Series E: Human and Societal Dynamics, v. 55 606 $aTerrorism$xPrevention$vCongresses 606 $aPolitical violence 615 0$aTerrorism$xPrevention 615 0$aPolitical violence. 676 $a363.32517 676 $a364 701 $aEkici$b S. ?dd ?k$01525783 712 02$aNorth Atlantic Treaty Organization.$bPublic Diplomacy Division. 712 12$aNATO Advanced Research Workshop on Together against Terrorism: Building Terrorism Resistant Communities 801 0$bMiAaPQ 801 1$bMiAaPQ 801 2$bMiAaPQ 906 $aBOOK 912 $a9910781059503321 996 $aBuilding terrorism resistant communities$93767387 997 $aUNINA